Statistics for Countries Closest to Bosnia-Herzegovina by first two letters

Click here to take the quiz!

General Stats

  • This quiz has been taken 270 times
  • The average score is 15 of 20

Answer Stats

kmcountrymiles% Correct
0Montenegro0
93%
0Croatia0
92%
0Serbia0
92%
153Italy95
88%
282Slovakia175
87%
45Slovenia28
87%
282Greece175
85%
129Romania80
83%
221Bulgaria137
81%
94Albania59
80%
96Kosovo60
77%
162Austria100
75%
331Germany206
73%
68Hungary42
73%
372Czechia231
64%
271San Marino169
61%
438Switzerland272
58%
436Ukraine271
57%
196North Macedonia122
56%
400Vatican City249
56%

Score Distribution

Percentile by Number Answered

Percent of People with Each Score

Your Score History

You have not taken this quiz